[Event "IRI-ch (Women)"]
[Site "Tehran"]
[Date "2017.11.03"]
[Round "2"]
[White "Majidi, Kimia"]
[Black "Heydari, Zahra"]
[Result "1/2-1/2"]
[WhiteElo "1837"]
[BlackElo "1748"]
[PlyCount "102"]
[EventDate "2017.11.02"]
[EventType "swiss"]
[EventRounds "9"]
[EventCountry "IRI"]
[SourceTitle "CBM 181 Extra"]
[Source "ChessBase"]
[SourceDate "2017.12.12"]
[SourceVersion "1"]
[SourceVersionDate "2017.12.12"]
[SourceQuality "1"]

1. e4 c6 2. Nc3 d5 3. Nf3 Bg4 4. h3 Bh5 5. d4 e6 6. e5 c5 7. g4 Bg6 8. Bd3 Nc6 9. Bxg6 hxg6 10. Ne2 Qc7 11. c3 cxd4 12. cxd4 Nb4 13. Kf1 Qc4 14. Bd2 Nd3 15. b3 Qa6 16. Kg2 Ba3 17. Bc3 Ne7 18. Qd2 Nc6 19. Rhd1 Ndb4 20. Bb2 Bxb2 21. Qxb2 Qb6 22. Nc3 Na6 23. Qe2 Nc7 24. Qe3 Nb5 25. Na4 Qd8 26. Qd3 a6 27. Rac1 Rc8 28. Nc5 Qe7 29. a4 Nba7 30. Qd2 a5 31. Qf4 Nb4 32. Nd3 Rxc1 33. Qxc1 Nxd3 34. Rxd3 0-0 35. Rc3 Nc6 36. Rc5 Qd7 37. h4 Rc8 38. h5 gxh5 39. gxh5 Ne7 40. Rxc8+ Qxc8 41. Qd2 Qc7 42. h6 Ng6 43. hxg7 Kxg7 44. Qg5 Qe7 45. Qg4 Qd8 46. Kg3 Qh8 47. Qg5 Qh6 48. Qf6+ Kg8 49. Qd8+ Kg7 50. Qf6+ Kg8 51. Qd8+ Kg7 1/2-1/2

[Event "Arak op (Women)"]
[Site "Arak"]
[Date "2017.08.16"]
[Round "7"]
[White "Bagheri, Taleghani Nadia"]
[Black "Majidi, Kimia"]
[Result "1/2-1/2"]
[WhiteElo "1787"]
[BlackElo "1794"]
[PlyCount "42"]
[EventDate "2017.08.12"]
[EventType "swiss"]
[EventRounds "9"]
[EventCountry "IRI"]
[SourceTitle "CBM 180 Extra"]
[Source "ChessBase"]
[SourceDate "2017.10.06"]
[SourceVersion "1"]
[SourceVersionDate "2017.10.06"]
[SourceQuality "1"]

1. e4 e6 2. d4 d5 3. Nc3 Bb4 4. e5 c5 5. Bd2 Ne7 6. a3 Bxc3 7. Bxc3 cxd4 8. Bxd4 Nbc6 9. f4 Nxd4 10. Qxd4 Nf5 11. Qf2 Bd7 12. Bd3 Qa5+ 13. b4 Qc7 14. Ne2 Ne7 15. 0-0 a6 16. Nd4 Nc6 17. c3 0-0 18. Qh4 h6 19. Qh3 Rfc8 20. Nb3 b6 21. Rf3 Kf8 1/2-1/2

[Event "Asia zt 3.1 (Women)"]
[Site "Tehran"]
[Date "2017.07.07"]
[Round "9"]
[White "Saeidpour, Mona"]
[Black "Majidi, Kimia"]
[Result "1-0"]
[WhiteElo "1872"]
[BlackElo "1806"]
[PlyCount "69"]
[EventDate "2017.06.30"]
[EventType "swiss"]
[EventRounds "9"]
[EventCountry "IRI"]
[SourceTitle "CBM 179 Extra"]
[Source "ChessBase"]
[SourceDate "2017.08.23"]
[SourceVersion "1"]
[SourceVersionDate "2017.08.23"]
[SourceQuality "1"]

1. d4 Nf6 2. c4 e6 3. Nc3 Bb4 4. Qc2 b6 5. Bg5 h6 6. Bh4 Bb7 7. f3 g5 8. Bf2 Bxc3+ 9. Qxc3 d6 10. e4 Nbd7 11. c5 Nf8 12. c6 Bc8 13. b4 Ng6 14. Ne2 Ba6 15. a4 Bxe2 16. Bxe2 Nf4 17. Bf1 a6 18. g3 Ng6 19. Be2 0-0 20. Be3 Nh7 21. h4 f5 22. hxg5 hxg5 23. 0-0-0 b5 24. a5 Qe7 25. Rh6 Rf6 26. e5 dxe5 27. dxe5 Nxe5 28. Rxf6 Nxf6 29. Bc5 Nd3+ 30. Bxd3 Qf7 31. Rh1 Rd8 32. Bd4 Nh7 33. g4 Rd6 34. gxf5 exf5 35. Bc2 1-0

[Event "Asia zt 3.1 (Women)"]
[Site "Tehran"]
[Date "2017.07.04"]
[Round "5"]
[White "Asgharpourmasoleh, Tara"]
[Black "Majidi, Kimia"]
[Result "0-1"]
[WhiteElo "1773"]
[BlackElo "1806"]
[PlyCount "82"]
[EventDate "2017.06.30"]
[EventType "swiss"]
[EventRounds "9"]
[EventCountry "IRI"]
[SourceTitle "CBM 179 Extra"]
[Source "ChessBase"]
[SourceDate "2017.08.23"]
[SourceVersion "1"]
[SourceVersionDate "2017.08.23"]
[SourceQuality "1"]

1. e4 e6 2. d3 c5 3. Nf3 Nc6 4. g3 g6 5. Bg2 Bg7 6. 0-0 Nge7 7. c3 e5 8. Be3 d6 9. Qd2 0-0 10. d4 b6 11. Na3 Ba6 12. Rfd1 Qc8 13. b4 exd4 14. cxd4 Nxb4 15. Bh6 Rd8 16. Bxg7 Kxg7 17. Qc3 Kg8 18. d5 Qd7 19. Qf6 Nc8 20. e5 Qe7 21. Qf4 Nd3 22. Qe3 Nxe5 23. Nd2 Re8 24. Qb3 Kg7 25. Re1 Qd8 26. Bh3 Ne7 27. f4 Nd7 28. Bxd7 Qxd7 29. Qc3+ Kg8 30. Qf3 Qa4 31. Re4 Qd7 32. Rae1 Nxd5 33. Rxe8+ Rxe8 34. Rxe8+ Qxe8 35. Qxd5 Qe3+ 36. Kg2 Qxa3 37. Qxd6 Qb2 38. Kh3 Qd4 39. Qb8+ Kg7 40. Nf3 Bf1+ 41. Kg4 Qd7+ 0-1

[Event "IRI-chT (Women) 8th"]
[Site "Qazvin"]
[Date "2015.01.02"]
[Round "7.4"]
[White "Bazzazi, Elnaz"]
[Black "Majidi, Kimia"]
[Result "0-1"]
[WhiteElo "1724"]
[BlackElo "1813"]
[PlyCount "72"]
[EventDate "2014.12.29"]
[EventType "team-tourn"]
[EventRounds "7"]
[EventCountry "IRI"]
[SourceTitle "CBM 164 Extra"]
[Source "ChessBase"]
[SourceDate "2015.03.02"]
[SourceVersion "1"]
[SourceVersionDate "2015.03.02"]
[SourceQuality "1"]
[WhiteTeam "Nassaji Melal Alborz (W)"]
[BlackTeam "Esteghlal (W)"]
[WhiteTeamCountry "IRI"]
[BlackTeamCountry "IRI"]

1. e4 e6 2. d4 d5 3. Nd2 Nf6 4. e5 Nfd7 5. Bd3 c5 6. c3 Nc6 7. Ne2 cxd4 8. cxd4 f6 9. exf6 Qxf6 10. Nf3 h6 11. 0-0 Bd6 12. a3 0-0 13. Ng3 e5 14. dxe5 Ndxe5 15. Nxe5 Qxe5 16. Qh5 Qxh5 17. Nxh5 Ne5 18. Bc2 Ng4 19. b4 Bxh2+ 20. Kh1 Be5 21. Ra2 Be6 22. Bd3 Bf5 23. Nf4 Bxf4 24. Bxf5 Rxf5 25. Bxf4 Rxf4 26. Kg1 Raf8 27. f3 Ne3 28. Rc1 d4 29. Kf2 Nd5 30. Rd2 Nf6 31. Rd3 Re8 32. Rc2 Ne4+ 33. Kg1 Ng5 34. Rf2 Nf7 35. g3 Ne5 36. Rb3 d3 0-1

[Event "IRI-ch (Women)"]
[Site "Tehran"]
[Date "2014.12.08"]
[Round "2"]
[White "Khalili, Atieh"]
[Black "Majidi, Kimia"]
[Result "0-1"]
[WhiteElo "1740"]
[BlackElo "1813"]
[PlyCount "74"]
[EventDate "2014.12.07"]
[EventType "swiss"]
[EventRounds "11"]
[EventCountry "IRI"]
[SourceTitle "CBM 163 Extra"]
[Source "ChessBase"]
[SourceDate "2014.12.23"]
[SourceVersion "1"]
[SourceVersionDate "2014.12.23"]
[SourceQuality "1"]

1. d4 d5 2. Nf3 Nf6 3. e3 Bf5 4. c4 c6 5. cxd5 cxd5 6. Qb3 Qc8 7. Nc3 e6 8. Ne5 a6 9. Bd2 Bd6 10. Rc1 Nc6 11. Na4 Bxe5 12. Nb6 Qb8 13. dxe5 Ne4 14. Nxa8 Nxd2 15. Kxd2 Qxa8 16. f4 0-0 17. Bd3 Bxd3 18. Qxd3 Rd8 19. Ke2 b5 20. a3 d4 21. Rhd1 Na5 22. e4 Nc4 23. Rb1 Ne3 24. Rg1 h6 25. b3 Qb7 26. g3 Qe7 27. a4 Qb4 28. axb5 axb5 29. Rgc1 h5 30. Ra1 h4 31. Rc6 g6 32. Raa6 Ng2 33. Kf3 Ne1+ 34. Ke2 Nxd3 35. Kxd3 Qxb3+ 36. Kd2 Qe3+ 37. Kc2 d3+ 0-1

[Event "Wch U14 Girls"]
[Site "Al Ain"]
[Date "2013.12.28"]
[Round "11"]
[White "Polterauer, Chiara"]
[Black "Majidi, Kimia"]
[Result "1/2-1/2"]
[WhiteElo "1882"]
[BlackElo "1742"]
[PlyCount "57"]
[EventDate "2013.12.18"]
[EventType "swiss"]
[EventRounds "11"]
[EventCountry "UAE"]
[SourceTitle "CBM 158 Extra"]
[Source "ChessBase"]
[SourceDate "2014.02.28"]
[SourceVersion "1"]
[SourceVersionDate "2014.02.28"]
[SourceQuality "1"]

1. e4 e6 2. d4 d5 3. Nd2 Nf6 4. e5 Nfd7 5. Bd3 c5 6. c3 Nc6 7. Ne2 Qb6 8. Nf3 cxd4 9. cxd4 Be7 10. 0-0 0-0 11. b3 f6 12. exf6 Nxf6 13. Bg5 Bd6 14. Bh4 Bd7 15. Bg3 Bxg3 16. hxg3 Rae8 17. Nf4 e5 18. dxe5 Nxe5 19. Nxe5 Rxe5 20. Qd2 Kh8 21. Rae1 Rfe8 22. Rxe5 Rxe5 23. Re1 Rxe1+ 24. Qxe1 g5 25. Ne2 Ng4 26. Nc3 Qd4 27. Bb5 Bc6 28. Be2 Nf6 29. Bb5 1/2-1/2

[Event "Wch U14 Girls"]
[Site "Al Ain"]
[Date "2013.12.22"]
[Round "6"]
[White "Majidi, Kimia"]
[Black "Gospodinova, Nikoleta"]
[Result "1-0"]
[WhiteElo "1742"]
[BlackElo "1516"]
[PlyCount "77"]
[EventDate "2013.12.18"]
[EventType "swiss"]
[EventRounds "11"]
[EventCountry "UAE"]
[SourceTitle "CBM 158 Extra"]
[Source "ChessBase"]
[SourceDate "2014.02.28"]
[SourceVersion "1"]
[SourceVersionDate "2014.02.28"]
[SourceQuality "1"]

1. e4 e5 2. Nf3 Nc6 3. Bb5 d6 4. d4 exd4 5. Nxd4 Bd7 6. 0-0 Nf6 7. Nc3 Be7 8. a3 0-0 9. Bc4 Nxd4 10. Qxd4 Be6 11. b4 Bxc4 12. Qxc4 Qd7 13. Bb2 h6 14. Rad1 Rac8 15. Rd3 Qc6 16. Qd4 Qb6 17. Nd5 Qxd4 18. Nxe7+ Kh7 19. Rxd4 Rce8 20. Nf5 Nxe4 21. Nxg7 Kxg7 22. Rxe4+ Kh7 23. Rfe1 Rxe4 24. Rxe4 c5 25. Kf1 Rc8 26. c4 a6 27. Ke1 b5 28. cxb5 axb5 29. bxc5 Rxc5 30. Kd2 Rg5 31. g3 Rh5 32. h4 Rf5 33. Rf4 Rd5+ 34. Kc2 Rc5+ 35. Kb3 Kg8 36. Rg4+ Kf8 37. Bg7+ Ke7 38. Bxh6 Rf5 39. Rf4 1-0

[Event "Asia-ch U14 Girls"]
[Site "Sari"]
[Date "2013.06.25"]
[Round "7"]
[White "Nguyen, Thi Minh Oanh"]
[Black "Majidi, Kimia"]
[Result "1/2-1/2"]
[WhiteElo "1804"]
[BlackElo "1634"]
[PlyCount "86"]
[EventDate "2013.06.21"]
[EventType "swiss"]
[EventRounds "9"]
[EventCountry "IRI"]
[SourceTitle "EXT 2015"]
[Source "ChessBase"]
[SourceDate "2014.11.20"]
[SourceVersion "1"]
[SourceVersionDate "2014.11.20"]
[SourceQuality "1"]

1. d4 e6 2. Nf3 c5 3. c3 d5 4. Bg5 Qb6 5. Qc2 Nc6 6. e3 Nge7 7. Nbd2 Ng6 8. Bd3 c4 9. Be2 h6 10. Bh4 Nxh4 11. Nxh4 Be7 12. Nhf3 Qc7 13. e4 0-0 14. exd5 exd5 15. Nf1 Be6 16. Ne3 Rfe8 17. 0-0 Qf4 18. Rfe1 Bd6 19. Qd1 Ne7 20. g3 Qf6 21. Bf1 Bf5 22. Bg2 Rad8 23. Nh4 Be6 24. Qa4 g5 25. Nf3 Bb8 26. Nd2 Rf8 27. Qd1 Qg6 28. Bf3 f5 29. Bh5 Qf6 30. Qe2 Rd6 31. Rf1 Bf7 32. Rae1 Bxh5 33. Qxh5 Qg6 34. Qxg6+ Nxg6 35. Kg2 b5 36. Nc2 a5 37. f3 f4 38. g4 Rb6 39. a3 Kf7 40. Re2 Bd6 41. Ra1 Re8 42. Rxe8 Kxe8 43. Re1+ Kd7 1/2-1/2

[Event "Arak op (Women) 15th"]
[Site "Arak"]
[Date "2012.07.15"]
[Round "5"]
[White "Alavi Hour, Homa"]
[Black "Majidi, Kimia"]
[Result "1-0"]
[WhiteElo "1995"]
[BlackElo "1658"]
[PlyCount "75"]
[EventDate "2012.07.13"]
[EventType "swiss"]
[EventRounds "11"]
[EventCountry "IRI"]
[SourceTitle "CBM 149 Extra"]
[Source "ChessBase"]
[SourceDate "2012.08.24"]
[SourceVersion "1"]
[SourceVersionDate "2012.08.24"]
[SourceQuality "1"]

1. d4 Nf6 2. Nf3 e6 3. Bg5 Be7 4. Nbd2 d5 5. e3 Nbd7 6. Bd3 c5 7. c3 b6 8. Qe2 Bb7 9. h3 Ne4 10. Bf4 Nxd2 11. Nxd2 a6 12. 0-0 Nf6 13. Rad1 Bd6 14. Bg5 h6 15. Bh4 g5 16. Bg3 Qc7 17. Bxd6 Qxd6 18. e4 dxe4 19. Nxe4 Nxe4 20. Bxe4 Bxe4 21. Qxe4 Rb8 22. f4 gxf4 23. dxc5 Qxc5+ 24. Kh1 Qc7 25. Rxf4 Qb7 26. Qe2 Rd8 27. Rdf1 Rd7 28. Rf6 h5 29. Qe5 Rg8 30. Rxe6+ fxe6 31. Qxe6+ Re7 32. Qxg8+ Kd7 33. Rd1+ Kc6 34. Qd5+ Kc7 35. Qd8+ Kc6 36. Qd6+ Kb5 37. a4+ Kxa4 38. Qb4# 1-0